000 00325nam a22001457a 4500
008 210305b ||||| |||| 00| 0 eng d
020 _a9780314445322
041 _aeng
080 _a 004
082 _a004
100 _a28
101 _aSHKI
245 _aProgtamming Process with Pascal
_cGersting,L.J
942 _2udc
_cBK
999 _c55874
_d55874